English for Specific Purposes : (Record no. 611249)

000 -LEADER
fixed length control field 00458nam a22001457a 4500
020 ## - INTERNATIONAL STANDARD BOOK NUMBER
International Standard Book Number 9780521318372
040 ## - CATALOGING SOURCE
Transcribing agency NUST
082 ## - DEWEY DECIMAL CLASSIFICATION NUMBER
Classification number 428.2407
Author Mark HUT
100 ## - MAIN ENTRY--PERSONAL NAME
Personal name Hutchinson, Tom
9 (RLIN) 125513
110 ## - MAIN ENTRY--CORPORATE NAME
Corporate name or jurisdiction name as entry element Waters, Alan
9 (RLIN) 125514
245 ## - TITLE STATEMENT
Title English for Specific Purposes :
Remainder of title A Learning-Centred Approach
260 ## - PUBLICATION, DISTRIBUTION, ETC.
Place of publication, distribution, etc. Cambridge:
Name of publisher, distributor, etc. Cambridge University Press,
Date of publication, distribution, etc. 2010.
650 ## - SUBJECT ADDED ENTRY--TOPICAL TERM
Topical term or geographic name entry element English Language Business English Study and Teaching
9 (RLIN) 125515
942 ## - ADDED ENTRY ELEMENTS (KOHA)
Source of classification or shelving scheme
Koha item type Book
Holdings
Withdrawn status Lost status Source of classification or shelving scheme Damaged status Not for loan Permanent Location Current Location Shelving location Date acquired Total Checkouts Full call number Barcode Date last seen Price effective from Koha item type
          College of Electrical & Mechanical Engineering (CEME) College of Electrical & Mechanical Engineering (CEME) General Stacks 08/29/2024   428.2407 HUT CEME- 50943 08/29/2024 08/29/2024 Book
© 2023 Central Library, National University of Sciences and Technology. All Rights Reserved.